000 00697nam a2200265Ia 4500
001 Para_7588
003 CHAP
008 220125s1994 xx 000 0 und d
010 _a206502
040 _cCHAP
082 _aPA 632 O4
100 _aOku, Hachiro
_9172796
245 _aPlant pathogenesis and disease control /
_c by Hachiro Oku
260 _aBoca Raton, Flo. :
_b Lewis Publishers
300 _a193 p.
650 _aFitopatología
_941161
650 _aPlantas
_x enfermedades
_988828
901 _aPA 632 O4
902 _aA
905 _a0000001994 a 0000000000 00
910 _a1994
942 _cPARA
942 _cPARA
_d1
999 _c206502
_d206502